| 000 | 00689cam a2200253 4500 | ||
|---|---|---|---|
| 001 | J397 | ||
| 008 | 090401t1992 xxu||||| |||| 00| 0 eng d | ||
| 035 | _a(Sirsi) u74702 | ||
| 041 | _aeng | ||
| 050 | _a690 | ||
| 110 | _aBuilding Research Establishment | ||
| 245 | _aTemporary support: assessing loads above openings in external walls. | ||
| 250 | _a2nd ed. | ||
| 260 |
_aGarston, Watford _bBuilding Research Establishment _c1992 |
||
| 300 | _a6p. : ill. ; 30cm. | ||
| 350 | _a0 | ||
| 490 |
_aGood Building Guide _v10 |
||
| 650 | _aLINTELS | ||
| 650 | _aLOADING | ||
| 650 | _aMASONRY | ||
| 690 | _aBUILT ENVIRONMENT-CONSTRUCTION DESIGN | ||
| 942 | _n0 | ||
| 948 | _c04/03/1997 | ||
| 999 |
_c95913 _d95913 |
||